000
00329nam a2200133Ia 4500
008
220216s9999 xx 000 0 und d
100
_a
Halim O
245
0
_a
Towards contamination-free natural rubber
260
_b
Planters Bulletin
_c
1990
300
_a
31-34
650
_a
Natural rubber
700
_a
Muniandy V
942
_c
JS
999
_c
71406
_d
71406